[Event "16PCR_ZK01"]
[Site "?"]
[Date "2005.??.??"]
[Round "?"]
[White "Fuka, Miroslav"]
[Black "Glaser, Karel"]
[Result "0-1"]
[WhiteElo "2078"]
[BlackElo "2039"]
[PlyCount "56"]
[EventDate "2005.??.??"]
[EventType "corr"]
[EventRounds "2"]
[SourceDate "2005.02.23"]

1. d4 Nf6 2. c4 e6 3. a3 d5 4. cxd5 exd5 5. g3 c6 6. Bg2 Bd6 7. Nf3 O-O 8. O-O
Re8 9. Nc3 Nbd7 10. Bg5 h6 11. Bf4 Bxf4 12. gxf4 Ne4 13. Ne5 Nd6 14. e3 Qh4 15.
b3 Nb6 16. Kh1 Bf5 17. a4 a5 18. Rc1 Nd7 19. Nf3 Qh5 20. Ne5 Qxd1 21. Rfxd1 Nf6
22. Rd2 g5 23. fxg5 hxg5 24. Rg1 Kg7 25. f3 Nh5 26. Bf1 f6 27. Ng4 Bxg4 28.
fxg4 Rxe3 0-1

[Event "16PCR_ZK01"]
[Site "?"]
[Date "2005.??.??"]
[Round "?"]
[White "Fuka, Miroslav"]
[Black "Jezek, Otakar"]
[Result "1/2-1/2"]
[WhiteElo "2078"]
[BlackElo "1743"]
[PlyCount "62"]
[EventDate "2005.??.??"]
[EventType "corr"]
[EventRounds "2"]
[SourceDate "2005.02.23"]

1. e4 e5 2. Nf3 Nf6 3. Nxe5 Nxe4 4. Qe2 d5 5. d3 Qe7 6. dxe4 Qxe5 7. exd5 Qxe2+
8. Bxe2 Bd6 9. O-O Bf5 10. Bb5+ Nd7 11. Re1+ Kd8 12. c4 a6 13. Bg5+ Kc8 14.
Bxd7+ Kxd7 15. Nc3 Bd3 16. b3 Rhe8 17. Re3 Rxe3 18. Bxe3 Be5 19. Rc1 Rd8 20.
Na4 b6 21. Rd1 Be4 22. Re1 Re8 23. Bd2 Bd6 24. Bc3 f6 25. Bd4 Bb4 26. Bc3 Bd6
27. f3 Bg6 28. Rxe8 Kxe8 29. Bd4 Bb4 30. Bc3 Bd6 31. Bd4 Bb4 1/2-1/2

[Event "16PCR_ZK01"]
[Site "?"]
[Date "2005.??.??"]
[Round "?"]
[White "Fuka, Miroslav"]
[Black "Kasik, Miroslav"]
[Result "0-1"]
[WhiteElo "2078"]
[BlackElo "2025"]
[PlyCount "97"]
[EventDate "2005.??.??"]
[EventType "corr"]
[EventRounds "2"]
[SourceDate "2005.02.23"]

1. e4 c5 2. Nf3 d6 3. d4 cxd4 4. Nxd4 Nf6 5. Nc3 a6 6. Be2 Nc6 7. Be3 e5 8. Nb3
Be7 9. O-O O-O 10. Qd2 Nxe4 11. Nxe4 d5 12. Bf3 dxe4 13. Bxe4 Qxd2 14. Nxd2 Be6
15. Nf3 f6 16. b3 Nb4 17. c3 Nd5 18. Bd2 Rab8 19. c4 Nc7 20. Rad1 b5 21. cxb5
axb5 22. Rc1 Na6 23. Be3 Nb4 24. Ba7 Nxa2 25. Rc2 Bxb3 26. Bxb8 Rxb8 27. Rb2
Be6 28. Bc2 Nc3 29. Bb3 Bxb3 30. Rxb3 Ne2+ 31. Kh1 b4 32. Re1 Nc3 33. Kg1 Ra8
34. Rb2 Kf7 35. Kf1 Bc5 36. Nd2 Ke6 37. Ne4 Kd5 38. Nd2 h5 39. Nb3 g5 40. Rc1
f5 41. Ke1 g4 42. h3 h4 43. Rbc2 Bd4 44. Rd2 Ra3 45. Nxd4 exd4 46. f3 gxh3 47.
gxh3 Kc4 48. Rb2 b3 49. Kd2 0-1

[Event "16PCR_ZK01"]
[Site "?"]
[Date "2005.??.??"]
[Round "?"]
[White "Fuka, Miroslav"]
[Black "Klimecky, Tomas"]
[Result "0-1"]
[WhiteElo "2078"]
[BlackElo "1800"]
[PlyCount "48"]
[EventDate "2005.??.??"]
[EventType "corr"]
[EventRounds "2"]
[SourceDate "2005.02.23"]

1. e4 c6 2. d4 d5 3. e5 Bf5 4. Nc3 e6 5. g4 Bg6 6. Nge2 c5 7. h4 h6 8. f4 Be7
9. Bg2 Bxh4+ 10. Kf1 Be7 11. f5 Bh7 12. Nf4 Qd7 13. dxc5 Bxc5 14. Nh5 Bf8 15.
Qf3 Nc6 16. Bf4 O-O-O 17. Ng3 g5 18. fxg6 fxg6 19. Nb5 g5 20. Be3 a6 21. Nd4
Nxe5 22. Qe2 Nf6 23. Bh3 Bc5 24. Nf3 Bd6 0-1

[Event "16PCR_ZK01"]
[Site "?"]
[Date "2005.??.??"]
[Round "?"]
[White "Fuka, Miroslav"]
[Black "Pensimus, Petr"]
[Result "1-0"]
[WhiteElo "2078"]
[BlackElo "1814"]
[PlyCount "51"]
[EventDate "2005.??.??"]
[EventType "corr"]
[EventRounds "2"]
[SourceDate "2005.02.23"]

1. d4 d5 2. c4 e6 3. Nc3 Nf6 4. Nf3 c6 5. Bg5 h6 6. Bh4 dxc4 7. e4 g5 8. Bg3 b5
9. Be2 a6 10. Qc2 Be7 11. Rd1 Nbd7 12. O-O Bb7 13. Ne5 Nxe5 14. Bxe5 O-O 15.
Bg3 Qb6 16. f4 c5 17. d5 exd5 18. exd5 g4 19. Bh4 Rfe8 20. d6 Bd8 21. d7 Nxd7
22. Rxd7 Bxh4 23. Rxf7 Be4 24. Nxe4 Kxf7 25. Ng5+ hxg5 26. Qh7+ 1-0

[Event "16PCR_ZK01"]
[Site "?"]
[Date "2005.??.??"]
[Round "?"]
[White "Fuka, Miroslav"]
[Black "Urban, Milos"]
[Result "1-0"]
[WhiteElo "2078"]
[BlackElo "1600"]
[PlyCount "41"]
[EventDate "2005.??.??"]
[EventType "corr"]
[EventRounds "2"]
[SourceDate "2005.02.23"]

1. e4 e5 2. Nf3 Nf6 3. Nxe5 d6 4. Nf3 Nxe4 5. d4 d5 6. Bd3 Nc6 7. Qe2 Qe7 8.
O-O Bg4 9. c3 O-O-O 10. Re1 f5 11. Bb5 Qf6 12. Qd3 Bxf3 13. Qxf3 g6 14. Nd2
Nxd2 15. Bxd2 a6 16. Ba4 Na7 17. Re2 Bd6 18. Rae1 c6 19. Bf4 Bxf4 20. Qxf4 Qxd4
21. cxd4 1-0

[Event "16PCR_ZK01"]
[Site "?"]
[Date "2005.??.??"]
[Round "?"]
[White "Glaser, Karel"]
[Black "Fuka, Miroslav"]
[Result "1-0"]
[WhiteElo "2039"]
[BlackElo "2078"]
[PlyCount "57"]
[EventDate "2005.??.??"]
[EventType "corr"]
[EventRounds "2"]
[SourceDate "2005.02.23"]

1. e4 c6 2. d4 d5 3. Nc3 dxe4 4. Nxe4 Nd7 5. Nf3 e6 6. Bd3 h6 7. Bf4 Ndf6 8.
Ned2 Nd5 9. Be5 Ngf6 10. c3 Be7 11. O-O O-O 12. Qe2 Ng4 13. Bg3 f5 14. Ne5 Nxe5
15. Bxe5 c5 16. Nb3 b6 17. Rad1 Bb7 18. dxc5 Qc8 19. cxb6 axb6 20. a3 Qc6 21.
Qf3 Bf6 22. Nd4 Qc8 23. Qe2 Bxe5 24. Qxe5 Rf6 25. Rfe1 Nc7 26. Bc4 Ra5 27. Qd6
b5 28. Bxe6+ Nxe6 29. Rxe6 1-0

[Event "16PCR_ZK01"]
[Site "?"]
[Date "2005.??.??"]
[Round "?"]
[White "Glaser, Karel"]
[Black "Jezek, Otakar"]
[Result "1-0"]
[WhiteElo "2039"]
[BlackElo "1743"]
[PlyCount "77"]
[EventDate "2005.??.??"]
[EventType "corr"]
[EventRounds "2"]
[SourceDate "2005.02.23"]

1. e4 d5 2. exd5 Qxd5 3. Nc3 Qe5+ 4. Be2 Nf6 5. Nf3 Qa5 6. O-O Bg4 7. d4 Nbd7
8. Ne5 Nxe5 9. dxe5 Rd8 10. Qe1 Bxe2 11. Qxe2 Nd5 12. Nxd5 Qxd5 13. Bf4 e6 14.
Rad1 Qc5 15. Qe4 Rd5 16. Qa4+ c6 17. Rxd5 exd5 18. Be3 Qe7 19. Qxa7 f6 20. f4
Kf7 21. a4 f5 22. a5 Kg6 23. Ra1 Qb4 24. a6 bxa6 25. Qxa6 Qxb2 26. Qxc6+ Kh5
27. Rd1 Be7 28. h3 g6 29. g4+ Kh6 30. g5+ Kg7 31. Bd4 Qb8 32. e6+ Kg8 33. Ra1
h6 34. Ra8 Qf8 35. Rxf8+ Bxf8 36. e7 Bxe7 37. Qxg6+ Kf8 38. Bg7+ Kg8 39. Bxh6#
1-0

[Event "16PCR_ZK01"]
[Site "?"]
[Date "2005.??.??"]
[Round "?"]
[White "Glaser, Karel"]
[Black "Kasik, Miroslav"]
[Result "1/2-1/2"]
[WhiteElo "2039"]
[BlackElo "2025"]
[PlyCount "38"]
[EventDate "2005.??.??"]
[EventType "corr"]
[EventRounds "2"]
[SourceDate "2005.02.23"]

1. e4 c5 2. Nf3 e6 3. d4 cxd4 4. Nxd4 a6 5. Nc3 Qc7 6. Bd3 Nc6 7. Be3 Nf6 8.
O-O Bd6 9. Nxc6 dxc6 10. f4 e5 11. f5 b5 12. a4 b4 13. Nb1 O-O 14. Nd2 Qe7 15.
Qf3 Bc5 16. Nb3 Ba7 17. a5 Rd8 18. Kh1 Bxe3 19. Qxe3 Nd7 1/2-1/2

[Event "16PCR_ZK01"]
[Site "?"]
[Date "2005.??.??"]
[Round "?"]
[White "Glaser, Karel"]
[Black "Klimecky, Tomas"]
[Result "1-0"]
[WhiteElo "2039"]
[BlackElo "1800"]
[PlyCount "78"]
[EventDate "2005.??.??"]
[EventType "corr"]
[EventRounds "2"]
[SourceDate "2005.02.23"]

1. e4 c6 2. d4 d5 3. Nc3 dxe4 4. Nxe4 Bf5 5. Ng3 Bg6 6. Nf3 Nd7 7. h4 h6 8. h5
Bh7 9. Bd3 Bxd3 10. Qxd3 e6 11. Bf4 Ngf6 12. O-O-O Be7 13. Kb1 O-O 14. Ne4 Nxe4
15. Qxe4 Nf6 16. Qe2 Qd5 17. Ne5 Qe4 18. Qxe4 Nxe4 19. Rhe1 Nf6 20. g4 c5 21.
dxc5 Bxc5 22. Be3 Rfc8 23. c4 Bxe3 24. Rxe3 a6 25. b3 Rd8 26. Rxd8+ Rxd8 27.
Kc2 Kf8 28. Rd3 Rxd3 29. Kxd3 Ke7 30. Kd4 Nd7 31. Nxd7 Kxd7 32. b4 g5 33. a4
Kd6 34. c5+ Ke7 35. f4 gxf4 36. g5 hxg5 37. h6 Kf6 38. b5 g4 39. bxa6 e5+ 1-0

[Event "16PCR_ZK01"]
[Site "?"]
[Date "2005.??.??"]
[Round "?"]
[White "Glaser, Karel"]
[Black "Pensimus, Petr"]
[Result "1-0"]
[WhiteElo "2039"]
[BlackElo "1814"]
[PlyCount "81"]
[EventDate "2005.??.??"]
[EventType "corr"]
[EventRounds "2"]
[SourceDate "2005.02.23"]

1. e4 c6 2. d4 d5 3. Nc3 dxe4 4. Nxe4 Nd7 5. Nf3 Ngf6 6. Nxf6+ Nxf6 7. Ne5 Be6
8. Be2 g6 9. O-O Bg7 10. c3 O-O 11. Re1 Qb6 12. a4 Qb3 13. Qxb3 Bxb3 14. a5 a6
15. Bg5 Rfe8 16. Bxf6 exf6 17. Nd7 Be6 18. Nc5 Bf8 19. Nxe6 Rxe6 20. Bc4 Rxe1+
21. Rxe1 Bd6 22. b4 Kg7 23. Kf1 f5 24. g3 Kf6 25. f4 h6 26. h4 g5 27. fxg5+
hxg5 28. hxg5+ Kxg5 29. Bxf7 Bxg3 30. Re7 Rb8 31. Bc4 Bf4 32. Ke2 Bd6 33. Rg7+
Kf6 34. Rf7+ Kg5 35. Bd3 f4 36. Kf2 Kg4 37. Rg7+ Kh5 38. Kf3 Bf8 39. Rg8 Rd8
40. Bf5 Bd6 41. Rxd8 1-0

[Event "16PCR_ZK01"]
[Site "?"]
[Date "2005.??.??"]
[Round "?"]
[White "Glaser, Karel"]
[Black "Urban, Milos"]
[Result "1-0"]
[WhiteElo "2039"]
[BlackElo "1600"]
[PlyCount "43"]
[EventDate "2005.??.??"]
[EventType "corr"]
[EventRounds "2"]
[SourceDate "2005.02.23"]

1. e4 e5 2. Nf3 Nf6 3. Nxe5 d6 4. Nf3 Nxe4 5. d4 d5 6. Bd3 Nc6 7. O-O Be7 8.
Re1 Bg4 9. c3 f5 10. Qb3 O-O 11. Nbd2 Na5 12. Qa4 Nc6 13. Bb5 Nxd2 14. Nxd2 Qd6
15. h3 Bh5 16. Nb3 Nd8 17. Bf4 Qxf4 18. Rxe7 c6 19. Bf1 Re8 20. Rxe8+ Bxe8 21.
Re1 Bf7 22. Qb4 {Urban odstoupil} 1-0

[Event "16PCR_ZK01"]
[Site "?"]
[Date "2005.??.??"]
[Round "?"]
[White "Jezek, Otakar"]
[Black "Fuka, Miroslav"]
[Result "0-1"]
[WhiteElo "1743"]
[BlackElo "2078"]
[PlyCount "106"]
[EventDate "2005.??.??"]
[EventType "corr"]
[EventRounds "2"]
[SourceDate "2005.02.23"]

1. d4 Nf6 2. Nf3 e6 3. e3 c5 4. Bb5 Qa5+ 5. Nc3 Ne4 6. a4 cxd4 7. exd4 Bb4 8.
Bd2 Nxc3 9. bxc3 Bxc3 10. Ra3 Bxd2+ 11. Qxd2 Qxd2+ 12. Kxd2 b6 13. a5 Bb7 14.
axb6 axb6 15. Rxa8 Bxa8 16. Ke3 Nc6 17. Rb1 f6 18. Bd3 Ne7 19. c4 Nc8 20. c5
Bxf3 21. Kxf3 bxc5 22. dxc5 Kf7 23. Rb8 Re8 24. Bxh7 f5 25. g4 g6 26. gxf5 gxf5
27. Rb7 Ne7 28. Rxd7 Rh8 29. Bg6+ Kf6 30. Rd6 Nxg6 31. Ke3 Ke5 32. Rd7 Rc8 33.
Rg7 Nf4 34. h4 Rxc5 35. Kd2 Ra5 36. Rc7 Ra2+ 37. Rc2 Rxc2+ 38. Kxc2 Kd4 39. Kd2
e5 40. f3 e4 41. fxe4 fxe4 42. Ke1 Ng2+ 43. Kf2 Nxh4 44. Ke2 e3 45. Ke1 Kd3 46.
Kf1 Nf3 47. Kg2 e2 48. Kxf3 e1=Q 49. Kg4 Qe5 50. Kh4 Ke4 51. Kg4 Qg7+ 52. Kh5
Kf4 53. Kh4 Qg4# 0-1

[Event "16PCR_ZK01"]
[Site "?"]
[Date "2005.??.??"]
[Round "?"]
[White "Jezek, Otakar"]
[Black "Glaser, Karel"]
[Result "0-1"]
[WhiteElo "1743"]
[BlackElo "2039"]
[PlyCount "106"]
[EventDate "2005.??.??"]
[EventType "corr"]
[EventRounds "2"]
[SourceDate "2005.02.23"]

1. g3 Nf6 2. Nf3 e6 3. Bg2 d5 4. O-O c6 5. a3 Bd6 6. d4 O-O 7. Nbd2 Nbd7 8. c4
Qe7 9. Re1 e5 10. cxd5 Nxd5 11. Ne4 Bc7 12. dxe5 Nxe5 13. Nd4 Bb6 14. Qa4 Bd7
15. Rd1 c5 16. Qb3 cxd4 17. Qxd5 Bc6 18. Bg5 Qe8 19. Qb3 h6 20. Bf4 Ng6 21. Qf3
Qe6 22. Qd3 Rae8 23. Nd2 Nxf4 24. gxf4 Qxe2 25. Nb3 Ba4 26. Rd2 Qg4 27. Nxd4
Rd8 28. Qc3 Rxd4 29. Rxd4 Bc6 30. Qg3 Qxg3 31. hxg3 Bxd4 32. Ra2 Re8 33. Bxc6
Re1+ 34. Kg2 bxc6 35. b4 Ra1 36. Rxa1 Bxa1 37. Kf3 Bb2 38. a4 a6 39. f5 Bc3 40.
Ke4 Bxb4 41. Kd4 h5 42. Ke4 Be1 43. Kf3 Kf8 44. Ke2 Bxf2 45. Kxf2 Ke7 46. Kf3
a5 47. Kf4 Kd6 48. Ke4 c5 49. Kf4 c4 50. Ke4 Kc5 51. Kf4 c3 52. Kg5 c2 53. Kxh5
c1=Q 0-1

[Event "16PCR_ZK01"]
[Site "?"]
[Date "2005.??.??"]
[Round "?"]
[White "Jezek, Otakar"]
[Black "Kasik, Miroslav"]
[Result "0-1"]
[WhiteElo "1743"]
[BlackElo "2025"]
[PlyCount "81"]
[EventDate "2005.??.??"]
[EventType "corr"]
[EventRounds "2"]
[SourceDate "2005.02.23"]

1. d4 Nf6 2. Bg5 Ne4 3. h4 d5 4. Nd2 c5 5. Nxe4 dxe4 6. dxc5 Qa5+ 7. c3 Qxc5 8.
Qa4+ Qc6 9. Qxc6+ Nxc6 10. g3 e5 11. Bg2 f5 12. h5 h6 13. Bh4 Rg8 14. Rd1 a5
15. a4 Ra6 16. f3 e3 17. f4 e4 18. g4 g5 19. hxg6 Rxg6 20. g5 Rb6 21. Rb1 hxg5
22. fxg5 Bg7 23. Kf1 Bxc3 24. Nh3 Be5 25. Rg1 Nd4 26. Be1 Nb3 27. Rh1 Bd7 28.
Kg1 Nd2 29. Rc1 Rxb2 30. Rc5 Bd6 31. Rc1 Bxa4 32. Ra1 Bb5 33. Rxa5 Bxe2 34.
Rxf5 Nf3+ 35. Bxf3 Bxf3 36. Kf1 Bxh1 37. Nf2 Bf3 38. Ra5 Bh2 39. Re5+ Bxe5 40.
Ng4 Rxg5 41. Nxe3 0-1

[Event "16PCR_ZK01"]
[Site "?"]
[Date "2005.??.??"]
[Round "?"]
[White "Jezek, Otakar"]
[Black "Klimecky, Tomas"]
[Result "1-0"]
[WhiteElo "1743"]
[BlackElo "1800"]
[PlyCount "45"]
[EventDate "2005.??.??"]
[EventType "corr"]
[EventRounds "2"]
[SourceDate "2005.02.23"]

1. g3 Nf6 2. d4 d5 3. Nf3 e6 4. Bg2 Bd6 5. O-O O-O 6. Nc3 c6 7. Re1 Nbd7 8. e4
dxe4 9. Nxe4 Nxe4 10. Rxe4 Nf6 11. Re2 Qc7 12. Ne5 Rd8 13. Bg5 h6 14. Bxf6 gxf6
15. Ng4 f5 16. Nxh6+ Kh7 17. Qd2 Bf8 18. Nxf7 Qxf7 19. Qe3 c5 20. dxc5 Bg7 21.
c3 e5 22. f4 e4 23. g4 1-0

[Event "16PCR_ZK01"]
[Site "?"]
[Date "2005.??.??"]
[Round "?"]
[White "Jezek, Otakar"]
[Black "Pensimus, Petr"]
[Result "1/2-1/2"]
[WhiteElo "1743"]
[BlackElo "1814"]
[PlyCount "29"]
[EventDate "2005.??.??"]
[EventType "corr"]
[EventRounds "2"]
[SourceDate "2005.02.23"]

1. Nf3 Nf6 2. Nc3 d5 3. d4 c6 4. e3 Bf5 5. Bd3 e6 6. O-O Bd6 7. Bxf5 exf5 8.
Nb1 O-O 9. c4 dxc4 10. Nbd2 b5 11. Qc2 g6 12. b3 cxb3 13. axb3 Qe7 14. Bb2 Nd5
15. Rfe1 1/2-1/2

[Event "16PCR_ZK01"]
[Site "?"]
[Date "2005.??.??"]
[Round "?"]
[White "Jezek, Otakar"]
[Black "Urban, Milos"]
[Result "1-0"]
[WhiteElo "1743"]
[BlackElo "1600"]
[PlyCount "21"]
[EventDate "2005.??.??"]
[EventType "corr"]
[EventRounds "2"]
[SourceDate "2005.02.23"]

1. g3 e5 2. d3 d5 3. Bg2 c6 4. Nf3 Bd6 5. O-O Nf6 6. c4 O-O 7. cxd5 Nxd5 8.
Nbd2 f6 9. Qb3 Kh8 10. e4 Nb6 11. d4 1-0

[Event "16PCR_ZK01"]
[Site "?"]
[Date "2005.??.??"]
[Round "?"]
[White "Kasik, Miroslav"]
[Black "Fuka, Miroslav"]
[Result "1-0"]
[WhiteElo "2025"]
[BlackElo "2078"]
[PlyCount "39"]
[EventDate "2005.??.??"]
[EventType "corr"]
[EventRounds "2"]
[SourceDate "2005.02.23"]

1. e4 e6 2. d4 d5 3. Nd2 c5 4. exd5 Qxd5 5. Ngf3 cxd4 6. Bc4 Qd8 7. O-O Nc6 8.
Nb3 Nf6 9. Qe2 a6 10. Rd1 Qc7 11. Nbxd4 Nxd4 12. Rxd4 Bc5 13. Bf4 Qb6 14. Rd3
Qxb2 15. Rad1 O-O 16. Be5 Qb4 17. Bxf6 Qxc4 18. Qe5 gxf6 19. Qxf6 e5 20. Nxe5
1-0

[Event "16PCR_ZK01"]
[Site "?"]
[Date "2005.??.??"]
[Round "?"]
[White "Kasik, Miroslav"]
[Black "Glaser, Karel"]
[Result "1/2-1/2"]
[WhiteElo "2025"]
[BlackElo "2039"]
[PlyCount "43"]
[EventDate "2005.??.??"]
[EventType "corr"]
[EventRounds "2"]
[SourceDate "2005.02.23"]

1. e4 e5 2. Nf3 Nc6 3. Bb5 a6 4. Ba4 Nf6 5. d4 Nxd4 6. Nxd4 exd4 7. e5 Ne4 8.
Qxd4 Nc5 9. Nc3 Be7 10. O-O O-O 11. Rd1 d6 12. Bb3 Nxb3 13. cxb3 Re8 14. exd6
Bxd6 15. Bf4 Bg4 16. f3 Bf5 17. Bxd6 cxd6 18. Qb4 Qe7 19. Qxd6 Qe3+ 20. Kf1 Qg5
21. Qd2 Qh4 22. Kg1 1/2-1/2

[Event "16PCR_ZK01"]
[Site "?"]
[Date "2005.??.??"]
[Round "?"]
[White "Kasik, Miroslav"]
[Black "Jezek, Otakar"]
[Result "1-0"]
[WhiteElo "2025"]
[BlackElo "1743"]
[PlyCount "75"]
[EventDate "2005.??.??"]
[EventType "corr"]
[EventRounds "2"]
[SourceDate "2005.02.23"]

1. e4 Nc6 2. d4 d5 3. e5 e6 4. c3 Nge7 5. Bd3 Ng6 6. Qe2 Be7 7. Nf3 O-O 8. h4
f5 9. h5 Nh8 10. Rg1 Nf7 11. g4 Qd7 12. Bf4 Ncd8 13. Qf1 Re8 14. Qg2 Bf8 15.
Nh4 Qe7 16. Ng6 hxg6 17. hxg6 Nh8 18. gxf5 exf5 19. Rh1 Nhf7 20. gxf7+ Qxf7 21.
Qh2 Qg6 22. Be2 Nf7 23. Nd2 Be7 24. O-O-O Qe6 25. Rdg1 Kf8 26. Qh7 g5 27. Nf3
Bd8 28. Nxg5 Bxg5 29. Bxg5 Nxg5 30. Rxg5 Qf7 31. Qh8+ Ke7 32. Rg7 Be6 33. Rxf7+
Bxf7 34. Qf6+ Kd7 35. Qxf7+ Kd8 36. Rh7 Re7 37. Qxe7+ Kc8 38. Qxc7# 1-0

[Event "16PCR_ZK01"]
[Site "?"]
[Date "2005.??.??"]
[Round "?"]
[White "Kasik, Miroslav"]
[Black "Klimecky, Tomas"]
[Result "1/2-1/2"]
[WhiteElo "2025"]
[BlackElo "1800"]
[PlyCount "47"]
[EventDate "2005.??.??"]
[EventType "corr"]
[EventRounds "2"]
[SourceDate "2005.02.23"]

1. e4 c6 2. d4 d5 3. Nc3 dxe4 4. Nxe4 Bf5 5. Ng3 Bg6 6. h4 h6 7. Nf3 Nd7 8. h5
Bh7 9. Bd3 Bxd3 10. Qxd3 e6 11. Bd2 Qc7 12. O-O-O Ngf6 13. Kb1 Be7 14. Ne4 Nxe4
15. Qxe4 Nf6 16. Qe2 c5 17. dxc5 Qxc5 18. Be3 Qa5 19. Bd4 O-O 20. g4 Nh7 21.
Ne5 Rfd8 22. f4 Bc5 23. Bxc5 Qxc5 24. Rdg1 1/2-1/2

[Event "16PCR_ZK01"]
[Site "?"]
[Date "2005.??.??"]
[Round "?"]
[White "Kasik, Miroslav"]
[Black "Pensimus, Petr"]
[Result "1-0"]
[WhiteElo "2025"]
[BlackElo "1814"]
[PlyCount "85"]
[EventDate "2005.??.??"]
[EventType "corr"]
[EventRounds "2"]
[SourceDate "2005.02.23"]

1. e4 e5 2. Nf3 Nc6 3. Bb5 a6 4. Ba4 Nf6 5. d4 b5 6. Bb3 exd4 7. e5 Ng4 8. O-O
Bc5 9. c3 dxc3 10. Qd5 Qe7 11. Nxc3 h6 12. Qe4 Nxf2 13. Rxf2 Bxf2+ 14. Kxf2 Bb7
15. Nd5 Na5 16. Bd2 Bxd5 17. Bxd5 c6 18. Bxf7+ Qxf7 19. Bxa5 O-O 20. Bb4 Qf4
21. Qxf4 Rxf4 22. Bd6 Rc4 23. Ke3 Re8 24. b3 Rg4 25. g3 Kf7 26. Rd1 Rg6 27. Kd4
Rge6 28. Kc5 Ra8 29. Ne1 Rg6 30. Kb6 c5 31. Kxc5 Rc8+ 32. Kb6 Rc6+ 33. Ka5 Re6
34. Nd3 Rc2 35. Rf1+ Kg6 36. Nf4+ Kh7 37. a3 Re8 38. Kxa6 Rxh2 39. Kxb5 Rb2 40.
Rf3 Rc8 41. Nd5 Re8 42. a4 Ra8 43. a5 1-0

[Event "16PCR_ZK01"]
[Site "?"]
[Date "2005.??.??"]
[Round "?"]
[White "Kasik, Miroslav"]
[Black "Urban, Milos"]
[Result "1-0"]
[WhiteElo "2025"]
[BlackElo "1600"]
[PlyCount "35"]
[EventDate "2005.??.??"]
[EventType "corr"]
[EventRounds "2"]
[SourceDate "2005.02.23"]

1. e4 e5 2. Nf3 Nf6 3. d4 Nxe4 4. Bd3 d5 5. Nxe5 Nd7 6. Qe2 Nxe5 7. Bxe4 dxe4
8. Qxe4 Be6 9. Qxe5 Qd7 10. Nc3 O-O-O 11. Be3 Bb4 12. O-O f6 13. Qf4 Bxc3 14.
bxc3 h5 15. Rfe1 Bf5 16. a4 Bxc2 17. a5 b6 18. Rac1 1-0

[Event "16PCR_ZK01"]
[Site "?"]
[Date "2005.??.??"]
[Round "?"]
[White "Klimecky, Tomas"]
[Black "Fuka, Miroslav"]
[Result "1/2-1/2"]
[WhiteElo "1800"]
[BlackElo "2078"]
[PlyCount "54"]
[EventDate "2005.??.??"]
[EventType "corr"]
[EventRounds "2"]
[SourceDate "2005.02.23"]

1. e4 e5 2. Nf3 Nc6 3. d4 exd4 4. Nxd4 Nf6 5. Nxc6 bxc6 6. e5 Qe7 7. Qe2 Nd5 8.
c4 Nb6 9. Nd2 a5 10. b3 a4 11. Bb2 axb3 12. axb3 Rxa1+ 13. Bxa1 Qa3 14. Qd1 Bb4
15. Bd3 Qa5 16. Bb2 O-O 17. Qc2 h6 18. Ke2 d5 19. Ra1 Qc5 20. Kf1 Be6 21. Bc3
Bxc3 22. Qxc3 Rd8 23. Kg1 dxc4 24. Nxc4 Qd4 25. Qxd4 Rxd4 26. Bf1 Nd7 27. Ra5
Kf8 1/2-1/2

[Event "16PCR_ZK01"]
[Site "?"]
[Date "2005.??.??"]
[Round "?"]
[White "Klimecky, Tomas"]
[Black "Glaser, Karel"]
[Result "0-1"]
[WhiteElo "1800"]
[BlackElo "2039"]
[PlyCount "62"]
[EventDate "2005.??.??"]
[EventType "corr"]
[EventRounds "2"]
[SourceDate "2005.02.23"]

1. e4 e5 2. Nf3 Nc6 3. d4 exd4 4. Nxd4 Nf6 5. Nxc6 bxc6 6. e5 Qe7 7. Qe2 Ng8 8.
Nd2 a5 9. Nf3 Ba6 10. c4 Qb4+ 11. Nd2 Ne7 12. a3 Qb6 13. Qe4 Ng6 14. Bd3 Bc5
15. O-O O-O 16. Qf5 Rae8 17. Nf3 a4 18. Bd2 d6 19. Bc3 h6 20. Qg4 Nxe5 21. Nxe5
dxe5 22. Rad1 Bc8 23. Qg3 Bd4 24. Bc2 c5 25. Bxa4 Re6 26. Bc2 e4 27. Rfe1 Rg6
28. Qh4 f5 29. Qh5 Bb7 30. Re2 Ba6 31. Ba5 Qf6 0-1

[Event "16PCR_ZK01"]
[Site "?"]
[Date "2005.??.??"]
[Round "?"]
[White "Klimecky, Tomas"]
[Black "Jezek, Otakar"]
[Result "0-1"]
[WhiteElo "1800"]
[BlackElo "1743"]
[PlyCount "50"]
[EventDate "2005.??.??"]
[EventType "corr"]
[EventRounds "2"]
[SourceDate "2005.02.23"]

1. Nf3 Nf6 2. g3 d5 3. d4 e6 4. c4 dxc4 5. Bg2 Bb4+ 6. Bd2 a5 7. O-O Nc6 8. Bg5
O-O 9. e4 h6 10. Bxf6 Qxf6 11. a3 Be7 12. e5 Qf5 13. Qe2 Qd3 14. Qxd3 cxd3 15.
Rd1 Rd8 16. Rxd3 Bc5 17. Nc3 Nxd4 18. Kf1 Nc6 19. Rxd8+ Nxd8 20. Rd1 Nc6 21.
Ke1 f6 22. exf6 gxf6 23. Nd2 Ne5 24. Nde4 Bd7 25. Nd5 exd5 0-1

[Event "16PCR_ZK01"]
[Site "?"]
[Date "2005.??.??"]
[Round "?"]
[White "Klimecky, Tomas"]
[Black "Kasik, Miroslav"]
[Result "1/2-1/2"]
[WhiteElo "1800"]
[BlackElo "2025"]
[PlyCount "35"]
[EventDate "2005.??.??"]
[EventType "corr"]
[EventRounds "2"]
[SourceDate "2005.02.23"]

1. Nf3 Nf6 2. g3 d5 3. Bg2 e6 4. O-O Nbd7 5. d4 c5 6. c4 dxc4 7. Na3 Nb6 8.
Nxc4 Nxc4 9. Qa4+ Bd7 10. Qxc4 cxd4 11. Bf4 Rc8 12. Qxd4 Bc5 13. Qe5 O-O 14.
Bg5 h6 15. Bxf6 Qxf6 16. Qxf6 gxf6 17. Rfc1 Rfd8 18. e3 1/2-1/2

[Event "16PCR_ZK01"]
[Site "?"]
[Date "2005.??.??"]
[Round "?"]
[White "Pensimus, Petr"]
[Black "Fuka, Miroslav"]
[Result "1/2-1/2"]
[WhiteElo "1814"]
[BlackElo "2078"]
[PlyCount "72"]
[EventDate "2005.??.??"]
[EventType "corr"]
[EventRounds "2"]
[SourceDate "2005.02.23"]

1. e4 Nc6 2. Nf3 e5 3. Bc4 Nf6 4. Ng5 d5 5. exd5 b5 6. Bf1 h6 7. Nf3 Qxd5 8.
Nc3 Qe6 9. Nxb5 Qe7 10. d3 Bb7 11. Be2 O-O-O 12. O-O e4 13. Nd2 Qe5 14. a4 a6
15. Nc3 Bd6 16. g3 exd3 17. Bxd3 Qe6 18. Nde4 Ne5 19. Bf4 Nxe4 20. Bxe4 Bxe4
21. Nxe4 Bb4 22. Qe2 Ng6 23. c3 Nxf4 24. gxf4 Rhe8 25. Rfe1 Qg6+ 26. Kh1 f5 27.
Qc4 Rxe4 28. Rxe4 fxe4 29. cxb4 Qg4 30. Qxe4 Rd1+ 31. Rxd1 Qxd1+ 32. Kg2 Qg4+
33. Kf1 Qd1+ 34. Qe1 Qxa4 35. f3 Qc6 36. Qe5 Qxf3+ 1/2-1/2

[Event "16PCR_ZK01"]
[Site "?"]
[Date "2005.??.??"]
[Round "?"]
[White "Pensimus, Petr"]
[Black "Glaser, Karel"]
[Result "0-1"]
[WhiteElo "1814"]
[BlackElo "2039"]
[PlyCount "42"]
[EventDate "2005.??.??"]
[EventType "corr"]
[EventRounds "2"]
[SourceDate "2005.02.23"]

1. e4 e5 2. Nf3 Nc6 3. Bb5 a6 4. Ba4 Nf6 5. O-O Be7 6. Re1 b5 7. Bb3 d6 8. c3
O-O 9. h3 Na5 10. Bc2 c5 11. d4 Qc7 12. Nbd2 Nc6 13. d5 Nd8 14. a4 Rb8 15. axb5
axb5 16. Nf1 Ne8 17. Ng3 Bd7 18. b4 Nb7 19. Be3 Nf6 20. Ra2 Ra8 21. Nf5 Rxa2
0-1

[Event "16PCR_ZK01"]
[Site "?"]
[Date "2005.??.??"]
[Round "?"]
[White "Pensimus, Petr"]
[Black "Jezek, Otakar"]
[Result "1-0"]
[WhiteElo "1814"]
[BlackElo "1743"]
[PlyCount "71"]
[EventDate "2005.??.??"]
[EventType "corr"]
[EventRounds "2"]
[SourceDate "2005.02.23"]

1. e4 e5 2. Nf3 Nf6 3. Nxe5 Qe7 4. d4 Nxe4 5. Be2 d6 6. Nd3 Qh4 7. O-O Be7 8.
Nf4 c6 9. f3 Ng5 10. d5 O-O 11. Nc3 Qh6 12. g3 Nh3+ 13. Nxh3 Qxh3 14. Bf4 Qh5
15. Re1 Rd8 16. Bc4 Bf6 17. Bxd6 Bxc3 18. bxc3 Nd7 19. dxc6 bxc6 20. Re7 Kh8
21. Bxf7 Qa5 22. Qd4 Nf6 23. c4 Qf5 24. c5 Qxf3 25. Rf1 Qg4 26. Qe5 h6 27. Rxf6
gxf6 28. Qxf6+ Qg7 29. Qe5 Bg4 30. Bd5 Rg8 31. Rxg7 Rxg7 32. Bxc6 Rc8 33. Bd5
Bh3 34. Qf6 Kh7 35. Be4+ Kg8 36. Be5 1-0